000 00575nam a2200217 a 4500
001 BRCA_7157
005 20190320205731.0
008 110112s1912----nyua######---#000-0#eng-#
041 _aeng
044 _anyu
050 4 _aN5350
_b.M37 1912
245 1 0 _aArt in Egypt
_cby G. Maspero.
260 _aNueva York
_bC. Scribner´s Sons
_c1912
300 _axi, 314 p.
_bil.(algunas a color)
_c18 cm.
500 _aCon ex-libris de: W. S. Cook
500 _aP45
650 1 4 _aArte
_zEgipto
_917756
651 4 _aEgipto
_xAntigüedades
_916621
902 _aGFM
942 _2lcc
_cB
999 _c6838
_d6838